000
00294nam a2200121Ia 4500
008
190216s9999||||xx |||||||||||||| ||und||
100
_a
Nag N K&Amp; Maity J C
245
0
_a
Business Statistics
260
_b
Allied Publishers Limited
_c
1981
300
_a
463p
650
_a
Commerce
942
_c
BK
999
_c
5219
_d
5219